El sondeo duodenal como medio de diagnóstico y de tratamiento de las afecciones del hígado y de las vías biliares / (Record no. 31717)

MARC details
000 -LEADER
campo de control de longitud fija 00638nam a2200169 i 4500
001 - NÚMERO DE CONTROL
campo de control 31717
003 - IDENTIFICADOR DE NÚMERO DE CONTROL
campo de control ES-MaACL
005 - FECHA Y HORA DE LA ÚLTIMA TRANSACCIÓN
campo de control 20230906154430.0
007 - CAMPO FIJO DE DESCRIPCIÓN FÍSICA--INFORMACIÓN GENERAL
campo de control de longitud fija t|
008 - DATOS DE LONGITUD FIJA--INFORMACIÓN GENERAL
campo de control de longitud fija 030130s1941 ag ||||1| spa d
100 1# - ENTRADA PRINCIPAL--NOMBRE DE PERSONA
Nombre de persona Bengolea, Adrian J.
9 (RLIN) 27575
245 13 - MENCIÓN DEL TÍTULO
Título El sondeo duodenal como medio de diagnóstico y de tratamiento de las afecciones del hígado y de las vías biliares /
Mención de responsabilidad, etc. Adrian J. Bengolea y Carlos Velasco Suárez.
260 ## - PUBLICACIÓN, DISTRIBUCIÓN, ETC.
Lugar de publicación, distribución, etc. Buenos Aires :
Nombre del editor, distribuidor, etc. Lib. Hachette,
Fecha de publicación, distribución, etc. 1941 (
Fabricante Artes Gráfs. Futura)
300 ## - DESCRIPCIÓN FÍSICA
Extensión 302 p., 8 lám. :
Otras características físicas il. ;
Dimensiones 26 cm.
700 1# - ENTRADA AGREGADA--NOMBRE PERSONAL
Nombre de persona Velasco Suárez, Carlos.
9 (RLIN) 113776
852 ## - LOCALIZACIÓN
Ubicación ES-MaACL
Número de control de estantería E-115
Sublocalización o colección R.20599
Holdings
Estatus retirado Estado de pérdida Estado de daño No para préstamo Biblioteca de origen Biblioteca actual Ubicación en estantería Fecha de adquisición Fuente de adquisición Total de préstamos Signatura topográfica completa Código de barras Visto por última vez Precio de reemplazo Tipo de ítem Koha
        Biblioteca del Ateneo de Madrid Biblioteca del Ateneo de Madrid Depósito 2 17/01/2008     E-115 1032793 23/02/2023 23/02/2023 Libro impreso